000 00292nam a22001337a 4500
008 181206b xxu||||| |||| 00| 0 eng d
020 _a9780534238322
041 _aeng
080 _24th
_a541
100 _a12
101 _aKIM
245 _aOrganic Chemistry
_cMurry,J.M
942 _2udc
_cBK
999 _c52914
_d52914